000 00535nam a2200181Ia 4500
008 090123s9999 xx 000 0 und d
082 _b15353
100 _aनंदा गुलशन
245 _aलक्ष्मणरेखा
250 _a1
260 _bहिंद पॉकेट बुक्स
300 _a234
600 _aनंदा गुलशन
630 _aलक्ष्मणरेखा
700 _aनंदा गुलशन
730 _aलक्ष्मणरेखा
942 _cBOOK
999 _c53414
_d53414